000 00223nam a22000857a 4500
008 160914b xxu||||| |||| 00| 0 eng d
100 _9443
_aSaxena. V.K.
245 _aMathematics- Q.B
260 _aNew Delhi
_bM.B.D Publishers
_c2010
999 _c3102
_d3102